Corsair : The life of J. Pierpont Morgan

Đã lưu trong:
書目詳細資料
主要作者: Sinclair, Andrew
格式: 圖書
語言:Undetermined
出版: Boston Little, Brown 1981
主題:
標簽: 添加標簽
沒有標簽, 成為第一個標記此記錄!
Thư viện lưu trữ: Trung tâm Học liệu Trường Đại học Cần Thơ
LEADER 00553nam a2200217Ia 4500
001 CTU_88641
008 210402s9999 xx 000 0 und d
082 |a 332.1092 
082 |b S616 
100 |a Sinclair, Andrew 
245 0 |a Corsair : 
245 4 |b The life of J. Pierpont Morgan 
245 0 |c Andrew Sinclair 
260 |a Boston 
260 |b Little, Brown 
260 |c 1981 
650 |a Bankers 
650 |x Biography 
650 |z United States 
904 |i Bằng,Hải 
980 |a Trung tâm Học liệu Trường Đại học Cần Thơ